000
00232 a2200097 4500
001
50981
100
_a
Werther, William
245
_a
Personnel Management & Human Resources
260
_a
Newyork
_b
McGraw-H
_c
090
_c
32281
_d
32281
942
_a
NUST-CAE
_c
M
_c
24760
999
_c
286054
_d
286054